Normal view MARC view

Entry Geographic Name

Number of records used in: 14

001 - CONTROL NUMBER

  • control field: 530

003 - CONTROL NUMBER IDENTIFIER

  • control field: dpl

005 - DATE AND TIME OF LATEST TRANSACTION

  • control field: 20081223112924.0

008 - FIXED-LENGTH DATA ELEMENTS

  • fixed length control field: 081223|| aca||aabn | a|a d

040 ## - CATALOGING SOURCE

  • Original cataloging agency: dpl

151 ## - HEADING--GEOGRAPHIC NAME

  • Geographic name: हिमाचल प्रदेश ( भारत )
  • General subdivision: सामाजिक जीवन एवं रीति-रिवाज

© Delhi Public Library
Hit Counter
free hit counter